15 Plus grandes villes du Royaume-Uni (avec une carte) - Statistiques

Statistiques générales
  • Ce quiz a été pris 143 fois
  • Le résultat moyen est 11 sur 15
Réponses sur la Carte
Les réponses sont colorées sur une échelle allant du rouge au vert en fonction du pourcentage des utilisateurs qui les ont devinées à leur premier essai. Vous pouvez retrouver ces pourcentages ci-dessous.
 
Statistiques - réponses
Pays Ville Population % Correct
Angleterre Londres 8,7 mln
100%
Angleterre Liverpool 510 mille
95%
Écosse Édimbourg 510 mille
94%
Angleterre Manchester 470 mille
94%
Angleterre Birmingham 1,1 mln
89%
Écosse Glasgow 630 mille
86%
Irlande du Nord Belfast 450 mille
85%
Pays de Galles Cardiff 350 mille
84%
Angleterre Leeds 530 mille
76%
Angleterre Bristol 420 mille
60%
Angleterre Sheffield 500 mille
51%
Angleterre Nottingham 300 mille
50%
Angleterre Leicester 410 mille
44%
Angleterre Coventry 340 mille
28%
Angleterre Bradford 330 mille
15%
Aucun quiz correspondant
Distribution des résultats
% des personnes avec chaque résultat
Percentile par nombre de réponses
Votre historique - résultats
Vous n’avez pas pris ce quiz